Hacia una economía mundial : sugerencias para una política económica internacional /

Guardado en:
Autor Principal: Tinbergen, Jan.
Formato: Libro
Idioma:Spanish
Publicado: Barcelona : Oikos-tau, 1969.
Edición:2a. ed.
Series:Colección "LIbros de Economía Oikos"
Materias:
Etiquetas: Agregar Etiqueta
Sin Etiquetas, Sea el primero en etiquetar este registro!
LEADER 00596nam a22001815a 4500
001 EEO.bibeco006291
003 AR-BaUEB
005 20110412134609.0
008 080718s1969####sp############000#0#spa#d
245 1 0 |a Hacia una economía mundial :  |b sugerencias para una política económica internacional /  |c Jan Tinbergen. 
260 |a Barcelona :  |b Oikos-tau,  |c 1969. 
300 |a 243 p. 
490 1 |a Colección "LIbros de Economía Oikos" 
100 1 |a Tinbergen, Jan. 
082 0 4 |a 338.9 
653 |a Economia internacional 
250 |a 2a. ed. 
859 |a AR-BaUEB  |b BIB. ECONOMIA - General  |h 338.9  |i T49-1a2  |p e03548